Maple Leafs Players By Number - Statistics

General Stats
  • This quiz has been taken 5 times
  • The average score is 4 of 99
Answer Stats
Hint Answer % Correct
34 Auston Matthews
80%
60 Joseph Woll
60%
16 Mitch Marner
60%
88 William Nylander
60%
13 Mats Sundin
40%
24 Bryan McCabe
20%
94 Doug Gilmour
20%
47 Leo Komarov
20%
44 Morgan Rielly
20%
28 Tie Domi
20%
7 Tim Horton
20%
15 Tomas Kaberle
20%
52 Alexander Karpovtsev
0%
89 Alexander Mogilny
0%
33 Al Iafrate
0%
57 Andrew MacWilliam
0%
5 Bill Barilko
0%
21 Borje Salming
0%
83 Cody Ceci
0%
31 Curtis Joseph
0%
55 Danny Markov
0%
27 Darryl Sittler
0%
63 Dave Bolland
0%
14 Dave Keon
0%
71 David Clarkson
0%
62 Dennis Malgin
0%
49 Dmitri Yakushin
0%
36 Dmitry Yushkevich
0%
20 Ed Belfour
0%
23 Eddie Shack
0%
29 Felix Potvin
0%
54 Frederik Gauthier
0%
11 Gary Leeman
0%
2 Ian Turnbull
0%
93 Igor Ozhighanov
0%
65 Ilya Mikheyev
0%
51 Jake Gardiner
0%
25 James van Riemsdyk
0%
35 Jean-Sebastian Giguere
0%
92 Jeff O'Neill
0%
48 Jeremy Williams
0%
18 Jim McKenny
0%
1 Johnny Bower
0%
91 Johnny Toronto
0%
50 Jonas Gustavsson
0%
45 Jonathan Bernier
0%
59 Keith Aulie
0%
72 Mathieu Schneider
0%
40 Michael Grabner
0%
53 Mike Kostka
0%
26 Mike Krushelnyski
0%
84 Mikhail Grabovski
0%
43 Nazem Kadri
0%
80 Nick Antropov
0%
61 Nic Petan
0%
41 Nikolai Kulemin
0%
58 None
0%
64 None
0%
66 None
0%
68 None
0%
69 None
0%
70 None
0%
74 None
0%
75 None
0%
76 None
0%
78 None
0%
79 None
0%
82 None
0%
85 None
0%
86 None
0%
87 None
0%
90 None
0%
96 None
0%
98 None
0%
99 None
0%
19 Paul Henderson
0%
73 Pavel Kubina
0%
77 Pavel Kubina
0%
97 Phil Hously
0%
81 Phil Kessel
0%
38 Rasmus Snadin
0%
4 Red Kelly
0%
22 Rick Vaive
0%
67 Robert Svehla
0%
46 Roman Polak
0%
6 Ron Ellis
0%
12 Ron Stewart
0%
95 Sergei Berezin
0%
8 Sid Smith
0%
56 Spencer Abbot
0%
32 Steve Thomas
0%
10 Syl Apps
0%
9 Teeder Kennedy
0%
30 Terry Sawchuk
0%
39 Travis Green
0%
37 Trevor Kidd
0%
42 Tyler Bozak
0%
3 Wally Stanowski
0%
17 Wendel Clark
0%
No matching quizzes found
Score Distribution
Percent of People with Each Score
Percentile by Number Answered
Your Score History
You have not taken this quiz